[Event "Niedersachsen-ch op"]
[Site "Verden"]
[Date "2009.01.03"]
[Round "1"]
[White "Oleskow, Jan Christian"]
[Black "Elborg, Cornelia"]
[Result "0-1"]
[WhiteElo "960"]
[BlackElo "1369"]
[PlyCount "116"]
[EventDate "2009.01.03"]
[EventType "swiss"]
[EventRounds "7"]
[EventCountry "GER"]
[SourceTitle "EXT 2012"]
[Source "ChessBase"]
[SourceDate "2011.11.24"]
[SourceVersion "1"]
[SourceVersionDate "2011.11.24"]
[SourceQuality "1"]

1. e4 c5 2. Nf3 Nc6 3. d4 cxd4 4. Nxd4 d6 5. Be3 Bd7 6. Nc3 Nf6 7. Be2 e6 8. 0-0 a6 9. h3 Be7 10. Nb3 Ne5 11. Bf4 Bc6 12. Bxe5 dxe5 13. Bd3 0-0 14. Qf3 Qc7 15. Rfd1 Rad8 16. Be2 Bb4 17. Bd3 Bd7 18. Ne2 Bc6 19. Ng3 Be7 20. Be2 h6 21. Kh2 Nh7 22. Qc3 Qb6 23. Qe3 Qxe3 24. fxe3 Bg5 25. Nf1 Bxe4 26. Bd3 Bd5 27. Nbd2 g6 28. b3 Bf6 29. Rab1 Kg7 30. c4 Bc6 31. Be2 Ng5 32. Rbc1 Be7 33. Rc2 Ne4 34. Nxe4 Bxe4 35. Rcd2 f5 36. Rxd8 Rxd8 37. Rxd8 Bxd8 38. g3 Be7 39. Nd2 Bc6 40. Nf3 Kf6 41. Kg1 Be8 42. Bd1 Bc5 43. Kf2 g5 44. Nd2 Bc6 45. a4 f4 46. Nf1 Be4 47. Ke2 Bg2 48. exf4 exf4 49. gxf4 gxf4 50. Bc2 Bxh3 51. Be4 b6 52. Bd3 e5 53. Nd2 Bf5 54. Be4 Bxe4 55. Nxe4+ Kf5 56. Nxc5 bxc5 57. a5 Ke4 58. Kf2 Kd3 0-1